Oxford handbook of Talent Management / (Record no. 229916)
[ view plain ]
| 000 -LEADER | |
|---|---|
| fixed length control field | 00804nam a22002297a 4500 |
| 005 - DATE AND TIME OF LATEST TRANSACTION | |
| control field | 20240406121520.0 |
| 008 - FIXED-LENGTH DATA ELEMENTS--GENERAL INFORMATION | |
| fixed length control field | 240224b ||||| |||| 00| 0 eng d |
| 020 ## - INTERNATIONAL STANDARD BOOK NUMBER | |
| International Standard Book Number | 9780198850359 |
| 040 ## - CATALOGING SOURCE | |
| Transcribing agency | AIMIT LIBRARY |
| 082 ## - DEWEY DECIMAL CLASSIFICATION NUMBER | |
| Edition number | 658.314 |
| Classification number | COLD |
| 245 ## - TITLE STATEMENT | |
| Title | Oxford handbook of Talent Management / |
| Statement of responsibility, etc. | edited by David G. Collings, Kamel Mellahi and Wayne F. Cascio |
| 250 ## - EDITION STATEMENT | |
| Edition statement | ist ed. |
| 260 ## - PUBLICATION, DISTRIBUTION, ETC. | |
| Place of publication, distribution, etc. | New York : |
| Name of publisher, distributor, etc. | Oxford University Press , |
| Date of publication, distribution, etc. | 2019. |
| 300 ## - PHYSICAL DESCRIPTION | |
| Extent | xxviii,575 p.; |
| Other physical details | PB |
| Dimensions | 25.3 cm. |
| 650 ## - SUBJECT ADDED ENTRY--TOPICAL TERM | |
| Topical term or geographic name entry element | Talent and performance |
| 9 (RLIN) | 152271 |
| 650 ## - SUBJECT ADDED ENTRY--TOPICAL TERM | |
| Topical term or geographic name entry element | Potential for leadership |
| 9 (RLIN) | 152272 |
| 650 ## - SUBJECT ADDED ENTRY--TOPICAL TERM | |
| Topical term or geographic name entry element | Managing talent across organizations |
| 9 (RLIN) | 152273 |
| 700 ## - ADDED ENTRY--PERSONAL NAME | |
| Personal name | Collings, David G. |
| 9 (RLIN) | 152274 |
| 700 ## - ADDED ENTRY--PERSONAL NAME | |
| Personal name | Mellahi, David G. |
| 9 (RLIN) | 152275 |
| 700 ## - ADDED ENTRY--PERSONAL NAME | |
| Personal name | Cascio, Wayne F. |
| 9 (RLIN) | 152276 |
| 942 ## - ADDED ENTRY ELEMENTS (KOHA) | |
| Source of classification or shelving scheme | Dewey Decimal Classification |
| Koha item type | Book |
| Edition | 1st |
| Call number prefix | 658.314 COLD |
| Withdrawn status | Lost status | Source of classification or shelving scheme | Damaged status | Not for loan | Collection code | Home library | Current library | Date acquired | Source of acquisition | Cost, normal purchase price | Inventory number | Total Checkouts | Full call number | Barcode | Date due | Date last seen | Date last checked out | Cost, replacement price | Price effective from | Koha item type |
|---|---|---|---|---|---|---|---|---|---|---|---|---|---|---|---|---|---|---|---|---|
| Dewey Decimal Classification | MBA | St Aloysius Institute of Management & Information Technology | St Aloysius Institute of Management & Information Technology | 02/21/2024 | Biblios Book Point | 4186.00 | Bill no:7809; Bill dt:2024-02-19 | 1 | 658.314 COLD | MBA14652 | 03/25/2024 | 02/24/2024 | 02/24/2024 | 3349.00 | 02/24/2024 | Book |